Moon dust : in search of the men who fell to earth
| Main Author: | |
|---|---|
| Format: | Book |
| Published: |
UK :
Bloomsbury Publishers ,
2005
|
| Subjects: |
MARC
| LEADER | 00000cam a2200000 7i4500 | ||
|---|---|---|---|
| 001 | 0000025936 | ||
| 005 | 20090402.0 | ||
| 008 | 090402 | ||
| 020 | |a 0747563691 | ||
| 090 | 0 | 0 | |a 629.4540922 |b SMI |
| 100 | 1 | |a Smith, Andrew | |
| 245 | 1 | 0 | |a Moon dust : |b in search of the men who fell to earth |c Andrew Smith |
| 260 | |a UK : |b Bloomsbury Publishers , |c 2005 | ||
| 610 | 0 | |a Project Appollo (U.S) | |
| 650 | 0 | |a Astronauts |z United States |x interviews | |
| 650 | 0 | |a Space flight to the moon | |
| 999 | |a 0001040920 |b Book |c Adult Collection |e Perbadanan Perpustakaan Awam Johor | ||